000 00453nam a2200145Ia 4500
003 OSt
005 20260119100425.0
008 211028s2013 xx 000 0 und d
040 _cAIMIT LIBRARY
041 _aeng
100 _aMoger, Mahesh; Shetty, Prathibha.
_g1116081
_97025
245 _aCustomer retention analysis: a case study with reference to summer sands resort Mangalore /
260 _aMangalore
_bPrathibha Shetty
_c2013
942 _2ddc
_cPRO
999 _c218595
_d218595